000 02666nam0a2200397 4500
001 RU\NLR\bibl\1043515
005 20260503055755.0
010 _a5-209-01970-5
_9500
021 _aRU
_b2006-71571
_93605
035 _a(nilc)RSL-KNO-002966792
035 _a(NLR Aleph) 001030899
090 _a757907
_c757907
100 _a20061107d2006 |||y0rusy50 ca
101 0 _arus
_afre
102 _aRU
105 _ay zzzz|||||
106 _ar
200 1 _aИзучаем основы русской грамматики
_eпособие по русскому яз. для иностранных студентов с пер. на фр. яз.
_eрусская грамматика для иностранцев (1 сертификационный уровень)
_fИ.В. Богатырева, И.Ф. Евстигнеева, Н.М. Румянцева, С.А. Петрова
210 _aМосква
_cИзд-во Российского ун-та дружбы народов
_d2006
_eМ.
_gтип. ИПК РУДН
215 _a159 с.
_d30
225 1 _aДля студентов-иностранцев
606 1 _aРусский язык
_jУчебные издания для иностранцев
_xГрамматика
_91567837
_3RU\NLR\auth\66986424
610 0 _aФилологические науки. Художественная литература -- Языкознание -- Индоевропейские языки -- Славянские языки -- Восточнославянские языки -- Русский язык -- Преподавание и методика изучения языка -- Учебные пособия по родному языку для других народов -- Пособия для народов зарубежных стран -- Пособия для французов -- Учебники и пособия по грамматике, орфографии и пунктуации -- Грамматика
686 _aШ141.2-963фр.322
_2rubbk
686 _aШ141.12-93франц3-2
701 1 _aБогатырева
_bИ. В.
_gИзольда Васильевна
_4070
701 1 _aЕвстигнеева
_bИ. Ф.
_gИнна Федоровна
_4070
701 1 _4070
_aРумянцева
_bН. М.
_cд-р пед. наук, русский язык
_f1945-
_gНаталия Михайловна
_3RU\NLR\AUTH\770132093
_9132059
701 1 _aПетрова
_bС. А.
_gСветлана Андреевна
_4070
801 0 _aRU
_bРКП
_c20061107
_grcr
801 1 _aRU
_bРГБ
_c20061107
801 2 _aRU
_bNLR
_c20070209
_grcr
942 _cBOOK
980 _aNB